[Event "BEM Mfr 2023 Qualifikation"]
[Site "Bei SW Nürnberg Süd"]
[Date "2023.09.09"]
[Round "6.3"]
[White "Bursian, Tim"]
[Black "Babichev, Vyacheslav"]
[Result "1-0"]
[WhiteElo "1615"]
[BlackElo "1706"]
[Annotator ""]
[PlyCount "55"]
[EventDate "2023.??.??"]
[WhiteTeam "SC Jäklechemie"]
[BlackTeam "SW Nürnberg Süd"]

1. d4 d5 2. c4 e6 3. Nc3 Nf6 4. Bg5 Bd7 5. Bxf6 Qxf6 6.
cxd5 e5 7. Nf3 exd4 8. Qxd4 Qxd4 9. Nxd4 c5 10. Nf3 f6 11. e4 a6 12. a4 Bd6 13.
Bd3 b6 14. O-O O-O 15. Rfe1 Re8 16. Nd2 Bc7 17. g3 Bc8 18. Nc4 Nd7 19. f4 Bb7
20. d6 Bb8 21. e5 Ba7 22. e6 Nf8 23. f5 Rab8 24. Be4 Bxe4 25. Rxe4 g6 26. g4
Kg7 27. Rd1 b5 28. d7 1-0

[Event "BEM Mfr 2023 Qualifikation"]
[Site "Bei SW Nürnberg Süd"]
[Date "2023.09.09"]
[Round "6.4"]
[White "Hahn, Thomas"]
[Black "Weißmann, Peter"]
[Result "1-0"]
[WhiteElo "1775"]
[BlackElo "1711"]
[PlyCount "87"]
[EventDate "2023.??.??"]
[WhiteTeam "Zabo-Eintracht Nbg."]
[BlackTeam "SGem 1882 Fürth"]

1. e4 c5 2. Nf3 Nc6 3. d4 cxd4 4. Nxd4 g6 5. Nc3 Bg7 6. Be3 d6 7. Be2 Nf6 8.
Qd2 O-O 9. O-O-O Qa5 10. Nb3 Qd8 11. Bh6 Be6 12. h4 Ne5 13. Bxg7 Kxg7 14. h5
Rh8 15. h6+ Kf8 16. f4 Nc6 17. Nd4 Nxd4 18. Qxd4 Qa5 19. g4 Qc5 20. g5 Qxd4 21.
Rxd4 Nd7 22. Rf1 f5 23. gxf6 Nxf6 24. e5 Ne8 25. Nb5 d5 26. Bf3 a6 27. Nc3 Rd8
28. Rfd1 Nc7 29. Bxd5 Bxd5 30. Nxd5 Rxd5 31. Rxd5 Nxd5 32. Rxd5 Kf7 33. Rd7 Ke6
34. Rxb7 Kf5 35. Rxe7 Kxf4 36. c4 Kg5 37. c5 Kxh6 38. e6 Rc8 39. b4 g5 40. Rd7
a5 41. a3 g4 42. e7 axb4 43. axb4 Kg6 44. Rd8 1-0

[Event "BEM Mfr 2023 Qualifikation"]
[Site "Bei SW Nürnberg Süd"]
[Date "2023.09.09"]
[Round "6.5"]
[White "Walch, Roger"]
[Black "Engel, David"]
[Result "1-0"]
[WhiteElo "1671"]
[BlackElo "1250"]
[PlyCount "85"]
[EventDate "2023.??.??"]
[WhiteTeam "SW Nürnberg Süd"]
[BlackTeam "Zabo-Eintracht Nbg."]

1. e4 c5 2. Nc3 d6 3. g3 g6 4. Bg2 Bg7 5. Nge2 Nc6 6. d3 Nf6 7. O-O O-O 8. f4
Bg4 9. h3 Bxe2 10. Nxe2 e6 11. c3 Qb6 12. Rb1 Ne7 13. Be3 Qc7 14. Qd2 Rab8 15.
c4 b5 16. cxb5 Rxb5 17. Nc3 Rb4 18. b3 Rfb8 19. Rfc1 Qa5 20. Bf3 Nd7 21. Na4
Bd4 22. Bxd4 cxd4 23. a3 Rxa4 24. Qxa5 Rxa5 25. Rc7 Rd8 26. a4 Kf8 27. Bd1 Ke8
28. b4 Ra6 29. a5 Rc8 30. Rb7 Kd8 31. Ba4 Rc7 32. Rxc7 Kxc7 33. Rc1+ Kd8 34.
Bb5 Nb8 35. Bxa6 Nxa6 36. Rc4 Kd7 37. b5 Nc7 38. b6 axb6 39. axb6 Nb5 40. b7 d5
41. b8=Q dxc4 42. Qxb5+ Nc6 43. Qxc4 1-0

[Event "BEM Mfr 2023 Qualifikation"]
[Site "Bei SW Nürnberg Süd"]
[Date "2023.09.09"]
[Round "6.6"]
[White "Friedrich, Michael"]
[Black "Cordts, Elof"]
[Result "1/2-1/2"]
[WhiteElo "1650"]
[BlackElo "1647"]
[PlyCount "81"]
[EventDate "2023.??.??"]
[WhiteTeam "SC Erlangen"]
[BlackTeam "SC Erlangen"]

1. Nf3 c5 2. c4 Nf6 3. g3 d6 4. Bg2 Nc6 5. Nc3 e5 6. d3 h6 7. Bd2 Be7 8. a3 a6
9. Rb1 a5 10. Nb5 O-O 11. O-O Re8 12. b4 Bf8 13. bxa5 Nxa5 14. Bc3 Nc6 15. Nd2
Nd4 16. a4 d5 17. Bxd4 exd4 18. cxd5 Nxd5 19. Bxd5 Qxd5 20. Nc7 Qc6 21. Nxe8
Bh3 22. Nf6+ gxf6 23. Nf3 Bxf1 24. Kxf1 Rxa4 25. Qb3 Rb4 26. Qc2 Rxb1+ 27. Qxb1
b5 28. Qc1 c4 29. Kg1 Qc5 30. dxc4 bxc4 31. Qf4 c3 32. Nxd4 c2 33. Nb3 Qc3 34.
Nc1 Qe1+ 35. Kg2 Ba3 36. Qg4+ Kh8 37. Qc8+ Kg7 38. Qg4+ Kh8 39. Qc8+ Kh7 40.
Qf5+ Kg7 41. Qg4+ 1/2-1/2

[Event "BEM Mfr 2023 Qualifikation"]
[Site "Bei SW Nürnberg Süd"]
[Date "2023.09.09"]
[Round "6.8"]
[White "Dakic, Milan"]
[Black "Ben Ali, Aymen"]
[Result "1-0"]
[WhiteElo "1793"]
[BlackElo "1250"]
[PlyCount "79"]
[EventDate "2023.??.??"]
[WhiteTeam "vereinslos_Nbg"]
[BlackTeam "vereinslos Nbg"]

1. e4 c6 2. d4 d5 3. Nd2 dxe4 4. Nxe4 e5 5. Be3 exd4 6. Bxd4 Bf5 7. Bxg7 Qxd1+
8. Rxd1 Bxg7 9. Nd6+ Kf8 10. Nxf5 Bf6 11. c3 Na6 12. Bxa6 bxa6 13. Ne2 Re8 14.
Kd2 Re5 15. Ne3 Ne7 16. Ng4 Re6 17. Nxf6 Rxf6 18. f3 Rg8 19. Rhg1 Rg5 20. Ng3
Ra5 21. Ne4 Rh6 22. a3 Rd5+ 23. Kc2 Rxd1 24. Rxd1 Rxh2 25. Rd2 Nd5 26. Kb3 Nf4
27. g3 Rxd2 28. Nxd2 Nd5 29. Kc4 Nb6+ 30. Kc5 Na4+ 31. Kxc6 Nxb2 32. Kd7 Na4
33. c4 Kg7 34. Kd6 Kf8 35. c5 Ke8 36. Ne4 Nb2 37. Kc7 Nc4 38. a4 a5 39. Nd6+
Nxd6 40. cxd6 1-0

[Event "BEM Mfr 2023 Qualifikation"]
[Site "Bei SW Nürnberg Süd"]
[Date "2023.09.09"]
[Round "6.9"]
[White "Elgaby, Ayman"]
[Black "Müller, Gerhard"]
[Result "0-1"]
[WhiteElo "919"]
[BlackElo "1786"]
[PlyCount "90"]
[EventDate "2023.??.??"]
[WhiteTeam "Zabo-Eintracht Nbg."]
[BlackTeam "SW Nürnberg Süd"]

1. e4 c6 2. d4 d5 3. Nc3 g6 4. Nf3 Bg7 5. Bg5 Qa5 6. Bd3 Bg4 7. e5 c5 8. O-O
cxd4 9. Nb5 Nc6 10. h3 Bxf3 11. Qxf3 Nxe5 12. Qxd5 Nc6 13. Rac1 Rd8 14. Qc4 a6
15. Na3 Qxg5 16. Be4 Qf6 17. Bxc6+ Qxc6 18. Qxc6+ bxc6 19. Nc4 e6 20. Rfe1 Ne7
21. g4 O-O 22. Ne5 f6 23. Nf3 e5 24. c3 d3 25. Rcd1 Bh6 26. Nd2 Nd5 27. Kg2
Nf4+ 28. Kf3 Nxh3 29. b4 Nf4 30. a4 Ne2 31. Rxe2 dxe2 32. Kxe2 Bxd2 33. Rxd2
Rxd2+ 34. Kxd2 Rd8+ 35. Ke3 Kf7 36. f4 exf4+ 37. Kxf4 Rd3 38. c4 Rd4+ 39. Kg3
Rxc4 40. Kh4 Rxb4 41. a5 Ke6 42. Kg3 Ke5 43. Kh4 Kf4 44. Kh3 Rb2 45. Kh4 Rh2#
0-1

[Event "BEM Mfr 2023 Qualifikation"]
[Site "Bei SW Nürnberg Süd"]
[Date "2023.04.09"]
[Round "7.2"]
[White "Hahn, Thomas"]
[Black "Bursian, Tim"]
[Result "1/2-1/2"]
[WhiteElo "1775"]
[BlackElo "1615"]
[PlyCount "34"]
[EventDate "2023.??.??"]
[WhiteTeam "Zabo-Eintracht Nbg."]
[BlackTeam "SC Jäklechemie"]

1. e4 c6 2. e5 d5 3. exd6 e6 4. Nf3 Bxd6 5. d4 Nf6 6. Bg5 Nbd7 7. c3 O-O 8.
Nbd2 h6 9. Bh4 Be7 10. Bd3 b6 11. Qc2 Bb7 12. O-O Rc8 13. Rad1 Nd5 14. Bxe7
Qxe7 15. Rfe1 Rfd8 16. Bf1 c5 17. Nb3 c4 1/2-1/2

[Event "BEM Mfr 2023 Qualifikation"]
[Site "Bei SW Nürnberg Süd"]
[Date "2023.04.09"]
[Round "7.3"]
[White "Walch, Roger"]
[Black "Assem Gawdat Azmy, Mostafa"]
[Result "0-1"]
[WhiteElo "1671"]
[BlackElo "1401"]
[PlyCount "72"]
[EventDate "2023.??.??"]
[WhiteTeam "SW Nürnberg Süd"]
[BlackTeam "vereinslos Erl"]

1. e4 c5 2. Nc3 d6 3. g3 Nf6 4. Bg2 g6 5. Nge2 Bg7 6. O-O e5 7. d3 Nc6 8. h3
Be6 9. f4 exf4 10. Nxf4 Ne5 11. Nxe6 fxe6 12. Ne2 O-O 13. Nf4 Qd7 14. c3 Nc6
15. Qb3 Rae8 16. Be3 Kh8 17. Rae1 e5 18. Nd5 Nxd5 19. exd5 Ne7 20. g4 b6 21. c4
Qc8 22. Be4 Rxf1+ 23. Rxf1 Rf8 24. Qd1 Ng8 25. Kg2 Nf6 26. Bf3 Rf7 27. g5 Ng8
28. Bg4 Rxf1 29. Qxf1 Qf8 30. Qxf8 Bxf8 31. Be6 Ne7 32. h4 Nf5 33. Bxf5 gxf5
34. h5 f4 35. Bf2 Be7 36. Bh4 h6 0-1

[Event "BEM Mfr 2023 Qualifikation"]
[Site "Bei SW Nürnberg Süd"]
[Date "2023.04.09"]
[Round "7.4"]
[White "Babichev, Vyacheslav"]
[Black "Dakic, Milan"]
[Result "0-1"]
[WhiteElo "1706"]
[BlackElo "1793"]
[PlyCount "102"]
[EventDate "2023.??.??"]
[WhiteTeam "SW Nürnberg Süd"]
[BlackTeam "vereinslos_Nbg"]

1. d4 Nf6 2. c4 e6 3. Nf3 b6 4. Bg5 Be7 5. e3 Bb7 6. Bd3 O-O 7. Nc3 d5 8. cxd5
Nxd5 9. Nxd5 Bxd5 10. Bxe7 Qxe7 11. O-O c5 12. e4 Bb7 13. dxc5 Qxc5 14. Rc1 Qe7
15. Nd2 Na6 16. Qe2 Nc5 17. Bb1 Rac8 18. Qh5 e5 19. Rfe1 g6 20. Qh6 Ne6 21.
Rxc8 Rxc8 22. Nf3 f6 23. g3 Qb4 24. Qh3 Nd4 25. Kg2 Nxf3 26. Qe6+ Kg7 27. Rd1
Bxe4 28. Qd7+ Kh6 29. Qxc8 Bxb1 30. Qc1+ g5 31. Qxb1 Nd4 32. a3 Qb3 33. Rd3
Qd5+ 34. f3 e4 35. Rd2 e3 36. Rxd4 Qxd4 37. Qf5 Qxb2+ 38. Kh3 Qe5 39. Qxe5 fxe5
40. Kg2 Kg6 41. g4 Kf6 42. h3 e4 43. fxe4 Ke5 44. Kf3 e2 45. Kxe2 Kxe4 46. Kf2
b5 47. Kg3 a5 48. h4 h6 49. hxg5 hxg5 50. Kf2 b4 51. Ke2 bxa3 0-1

[Event "BEM Mfr 2023 Qualifikation"]
[Site "Bei SW Nürnberg Süd"]
[Date "2023.04.09"]
[Round "7.5"]
[White "Majid, Hakim"]
[Black "Blumenthal Tuset, Sebastian"]
[Result "0-1"]
[WhiteElo "1430"]
[BlackElo "1241"]
[PlyCount "52"]
[EventDate "2023.??.??"]
[WhiteTeam "SW Nürnberg Süd"]
[BlackTeam "SC N-T Nürnberg"]

1. e4 e5 2. Nf3 Nc6 3. Bc4 Bc5 4. Nc3 Nf6 5. O-O O-O 6. a3 d6 7. b4 Bb6 8. b5
Ne7 9. a4 Ba5 10. Bb2 Bxc3 11. Bxc3 Nxe4 12. Bb2 Ng6 13. d4 exd4 14. Qxd4 Nf6
15. Rad1 Bg4 16. Qc3 Bxf3 17. Qxf3 Rb8 18. Ba2 Re8 19. c4 Qe7 20. h3 Qe2 21.
Qc3 Qe5 22. Qb4 Qg5 23. Qa5 Nf4 24. g3 Nxh3+ 25. Kg2 Nf4+ 26. Kf3 Qg4# 0-1

[Event "BEM Mfr 2023 Qualifikation"]
[Site "Bei SW Nürnberg Süd"]
[Date "2023.04.09"]
[Round "7.6"]
[White "Weißmann, Peter"]
[Black "Müller, Gerhard"]
[Result "1-0"]
[WhiteElo "1711"]
[BlackElo "1786"]
[PlyCount "63"]
[EventDate "2023.??.??"]
[WhiteTeam "SGem 1882 Fürth"]
[BlackTeam "SW Nürnberg Süd"]

1. e4 c6 2. d4 d5 3. e5 e6 4. c3 c5 5. a3 Nc6 6. Nf3 a6 7. b4 cxd4 8. cxd4 g6
9. Be3 Nge7 10. h4 Nf5 11. Bg5 Be7 12. g4 Bxg5 13. gxf5 Bh6 14. f6 Bd7 15. h5
Qb6 16. hxg6 hxg6 17. Rh4 O-O-O 18. Nc3 Kb8 19. Na4 Qc7 20. Nc5 Ka7 21. Qb3 Nb8
22. Ra2 b6 23. Nxd7 Qxd7 24. b5 a5 25. Bd3 Rc8 26. Ke2 Qe8 27. Ra1 Nd7 28. Rah1
Rc1 29. Rxc1 Bxc1 30. Rxh8 Qxh8 31. Qc3 Bxa3 32. Qxa3 1-0

[Event "BEM Mfr 2023 Qualifikation"]
[Site "Bei SW Nürnberg Süd"]
[Date "2023.04.09"]
[Round "7.7"]
[White "Engel, David"]
[Black "Friedrich, Michael"]
[Result "0-1"]
[WhiteElo "1250"]
[BlackElo "1650"]
[PlyCount "100"]
[EventDate "2023.??.??"]
[WhiteTeam "Zabo-Eintracht Nbg."]
[BlackTeam "SC Erlangen"]

1. e4 g6 2. d4 d6 3. Nc3 Bg7 4. Nf3 Nd7 5. Bg5 c6 6. Bd3 Qc7 7. Qd2 Ngf6 8. Ne2
h6 9. Bh4 e5 10. c3 O-O 11. h3 Re8 12. Qe3 d5 13. Nd2 exd4 14. cxd4 dxe4 15.
Nxe4 Nxe4 16. Bxe4 Qa5+ 17. Kd1 Nf6 18. f3 Bf5 19. Bxf6 Bxf6 20. g4 Bxe4 21.
fxe4 Rad8 22. Kc2 Qa4+ 23. b3 Bxd4 24. Nxd4 Qxd4 25. Qxd4 Rxd4 26. Rad1 Rdxe4
27. Rd7 R4e7 28. Rd3 Kf8 29. Kb2 Re1 30. Rxe1 Rxe1 31. Rd7 Re7 32. Rd8+ Kg7 33.
Rd3 f6 34. a4 f5 35. Kc3 f4 36. Kc4 Rf7 37. Rf3 g5 38. Kc5 Rd7 39. a5 Rd5+ 40.
Kb4 Kf6 41. h4 b6 42. hxg5+ hxg5 43. axb6 axb6 44. Rc3 Rd4+ 45. Ka3 c5 46. Rh3
Kg6 47. Rh8 f3 48. Rg8+ Kf7 49. Rxg5 Rf4 50. Rd5 f2 0-1

[Event "BEM Mfr 2023 Qualifikation"]
[Site "Bei SW Nürnberg Süd"]
[Date "2023.04.09"]
[Round "7.8"]
[White "Cordts, Elof"]
[Black "Elgaby, Ayman"]
[Result "1-0"]
[WhiteElo "1647"]
[BlackElo "919"]
[PlyCount "81"]
[EventDate "2023.??.??"]
[WhiteTeam "SC Erlangen"]
[BlackTeam "Zabo-Eintracht Nbg."]

1. e4 e5 2. Nf3 Nc6 3. Bc4 Nf6 4. d3 Bc5 5. c3 d6 6. O-O O-O 7. Bg5 h6 8. Bh4
Bg4 9. h3 Bh5 10. g4 Bg6 11. Nbd2 h5 12. g5 Nd7 13. b4 Bb6 14. Bb3 Qe7 15. Kh2
a6 16. Nc4 a5 17. a3 axb4 18. axb4 Ra6 19. Rxa6 bxa6 20. Ne3 Bxe3 21. fxe3 Nb6
22. Qa1 Ra8 23. Qa2 a5 24. b5 Nd8 25. c4 a4 26. Bc2 a3 27. Ra1 Qe6 28. Qb3 f5
29. gxf6 gxf6 30. c5 dxc5 31. Qxe6+ Nxe6 32. Bxf6 c4 33. dxc4 Nxc4 34. Bb3 Nxe3
35. Bxe6+ Kf8 36. Nxe5 Bxe4 37. Rg1 Bh7 38. Nd7+ Ke8 39. Rg7 Nf1+ 40. Kg1 Bd3
41. Rg8# 1-0